| 000 -LEADER |
| fixed length control field |
01888nam a22001577a 4500 |
| 008 - FIXED-LENGTH DATA ELEMENTS--GENERAL INFORMATION |
| fixed length control field |
221228b ||||| |||| 00| 0 eng d |
| 100 ## - MAIN ENTRY--PERSONAL NAME |
| Personal name |
Yoon, N., Fields, K. Coohran, B. and Nabatchi, T. |
| 245 ## - TITLE STATEMENT |
| Title |
Collaborative governance at scale: Examining the regimes, platforms, and system in the state of Oregon |
| 260 ## - PUBLICATION, DISTRIBUTION, ETC. (IMPRINT) |
| Place of publication, distribution, etc |
American Review of Public Administration |
| 300 ## - PHYSICAL DESCRIPTION |
| Extent |
52(6), Aug, 2022: p.439-456 |
| 520 ## - SUMMARY, ETC. |
| Summary, etc |
This article takes a first step toward analyzing the characteristics of a cross-policy, state-wide collaborative system. Specifically, using data from the Atlas of Collaboration project, we offer a big-picture analysis of how over 200 externally directed collaborative governance regimes (CGRs) are operationalized in a state-level collaborative system consisting of 13 collaborative platforms operating across five policy areas (economic development, education, health, natural resources, public safety) in Oregon. We focus on three attributes—geographic scope, collaborative size, and collaborative characteristics—aggregated at the system level across CGRs, as well as across collaborative platforms and policy areas. The descriptive findings reveal that collaborative efforts are geographically dispersed across the state, involve thousands of participants representing organizations from the public, private, and nonprofit sectors, and vary across multiple characteristics, such as organizational form, lead organization, funding model, structural roles, staffing, and extent of face-to-face dialogue. These findings lay the groundwork for future theoretical development and empirical research. – Reproduced |
| 650 ## - SUBJECT ADDED ENTRY--TOPICAL TERM |
| Topical term or geographic name as entry element |
Collaborative governance, Collaborative governance regimes, Collaborative platforms, Collaborative system. |
| 9 (RLIN) |
34937 |
| 773 ## - HOST ITEM ENTRY |
| Main entry heading |
American Review of Public Administration |
| 906 ## - LOCAL DATA ELEMENT F, LDF (RLIN) |
| Subject DIP |
COLLABORATIVE GOVERNANCE |
| 942 ## - ADDED ENTRY ELEMENTS (KOHA) |
| Item type |
Articles |